Loading...
| Current Events | 1 | 0.00 | 0% | 0% | 0% |
| Fine Arts - Classical Music | 2 | 5.00 | 0% | 50% | 0% |
| History - American History | 3 | 16.67 | 100% | 33% | 33% |
| History - Other History | 7 | 15.71 | 86% | 43% | 29% |
| History - World History | 2 | 15.00 | 50% | 100% | 0% |
| Literature - American Literature | 3 | 10.00 | 100% | 0% | 0% |
| Literature - British Literature | 2 | 10.00 | 100% | 0% | 0% |
| Literature - European Literature | 2 | 10.00 | 100% | 0% | 0% |
| Literature - World Literature | 3 | 10.00 | 67% | 0% | 33% |
| Mythology | 4 | 12.50 | 75% | 25% | 25% |
| Painting/Sculpture | 1 | 10.00 | 100% | 0% | 0% |
| Philosophy | 1 | 10.00 | 100% | 0% | 0% |
| Pop Culture | 1 | 30.00 | 100% | 100% | 100% |
| Religion | 4 | 12.50 | 75% | 50% | 0% |
| Science - Biology | 3 | 20.00 | 100% | 67% | 33% |
| Science - Chemistry | 3 | 10.00 | 100% | 0% | 0% |
| Science - Other Science | 2 | 10.00 | 50% | 50% | 0% |
| Science - Physics | 2 | 5.00 | 50% | 0% | 0% |
| Social Science | 1 | 10.00 | 100% | 0% | 0% |